Vojenské dějiny Československa 1526-1918
Guardado en:
| Formato: | Libro |
|---|---|
| Lenguaje: | checo |
| Publicado: |
Praha
Naše vojsko
1986
|
| Edición: | 1. vyd. |
| Etiquetas: |
Sin Etiquetas, Sea el primero en etiquetar este registro!
|
MARC
| LEADER | 00000nam a2200000 4500 | ||
|---|---|---|---|
| 001 | c022655 | ||
| 005 | 20241211103636.9 | ||
| 041 | 0 | |a cze | |
| 044 | |a CZ | ||
| 245 | 1 | 0 | |a Vojenské dějiny Československa |b 1526-1918 |
| 250 | |a 1. vyd. | ||
| 264 | 1 | |a Praha |b Naše vojsko |c 1986 | |
| 300 | |a 589 s. | ||